| 000 | 00369nam a22001457a 4500 | ||
|---|---|---|---|
| 003 | SGT | ||
| 082 |
_a615.05 _bS22Y |
||
| 100 | _aYADAV, SONIA | ||
| 245 | _aSynthesis Pharmacological Evaluation And Docking Studies Of Newer Coumarin Derivatives | ||
| 260 |
_aGURUGRAM _bSGT UNIVERSITY _c2022 |
||
| 300 | _a162 | ||
| 650 | _aPHARMACY | ||
| 653 | _aPHD | ||
| 942 |
_2ddc _cTH |
||
| 999 |
_c26478 _d26478 |
||